All Brawl Stars Brawlers - Statistics

General Stats
  • This quiz has been taken 49 times
  • The average score is 65 of 105
Answer Stats
Rarity Answer % Correct
Rare Colt
100%
Starting Shelly
100%
Legendary Spike
94%
Rare Brock
88%
Legendary Crow
88%
Rare El Primo
88%
Legendary Leon
88%
Rare Poco
88%
Super Rare 8-Bit
82%
Legendary Amber
82%
Rare Barley
82%
Epic Bo
82%
Rare Bull
82%
Super Rare Dynamike
82%
Super Rare Gus
82%
Ultra Legendary Kaze
82%
Legendary Kenji
82%
Epic Piper
82%
Rare Rosa
82%
Ultra Legendary Sirius
82%
Epic Bibi
76%
Mythic Damian
76%
Epic Edgar
76%
Epic Emz
76%
Super Rare Jessie
76%
Legendary Meg
76%
Mythic Mortis
76%
Epic Pam
76%
Super Rare Penny
76%
Super Rare Rico
76%
Legendary Surge
76%
Rare Nita
71%
Legendary Sandy
71%
Mythic Alli
65%
Mythic Buzz
65%
Legendary Chester
65%
Epic Colette
65%
Legendary Cordelius
65%
Legendary Draco
65%
Super Rare Jacky
65%
Legendary Kit
65%
Mythic Lily
65%
Epic Mandy
65%
Mythic Najia
65%
Legendary Pierce
65%
Mythic Sprout
65%
Epic Stu
65%
Super Rare Tick
65%
Epic Angelo
59%
Epic Bea
59%
Super Rare Carl
59%
Mythic Doug
59%
Mythic Finx
59%
Epic Frank
59%
Epic Gale
59%
Mythic Glowy
59%
Epic Larry & Lawrie
59%
Mythic Lou
59%
Mythic Mico
59%
Mythic Mr. P
59%
Epic Pearl
59%
Epic Ash
53%
Epic Berry
53%
Epic Bonnie
53%
Collab Buzz Lightyear
53%
Mythic Clancy
53%
Super Rare Darryl
53%
Mythic Fang
53%
Mythic Gray
53%
Epic Griff
53%
Epic Grom
53%
Mythic Janet
53%
Mythic Juju
53%
Epic Maisie
53%
Mythic Moe
53%
Epic Nani
53%
Mythic Otis
53%
Mythic R-T
53%
Mythic Starr Nova
53%
Mythic Tara
53%
Epic Belle
47%
Mythic Eve
47%
Mythic Lumi
47%
Epic Meeple
47%
Mythic Ollie
47%
Epic Shade
47%
Mythic Squeak
47%
Epic Trunk
47%
Mythic Ziggy
47%
Epic Bolt
41%
Mythic Buster
41%
Mythic Byron
41%
Mythic Charlie
41%
Mythic Colonel Ruffs
41%
Mythic Gene
41%
Mythic Gigi
41%
Epic Hank
41%
Mythic Jae-Yong
41%
Epic Lola
41%
Mythic Melodie
41%
Mythic Mina
41%
Epic Sam
41%
Mythic Willow
41%
Mythic Chuck
35%
Mythic Max
35%
No matching quizzes found
Score Distribution
Percent of People with Each Score
Percentile by Number Answered
Your Score History
You have not taken this quiz